Представление документа в формате RUSMARC

ПолеНазваниеЗначение
  Тип записи a
  Библиографический уровень c
001 Контрольный номер RU/SLIB/B/208774612
005 Дата корректировки 20231204143128.1
010 Индекс ISBN __
d Цена 2-60
101 Язык документа 0_
a Язык текста rus
200 Заглавие и сведения об ответственности 1_
a Заглавие Собрание сочинений
f Первые сведения об ответственности И. А. Гончаров
b Общее обозначение материала Текст
e Сведения, относящиеся к заглавию в 8 т.
h Номер части Т. 6
i Наименование части Обрыв. в 5 ч. Ч. 3-5
i Наименование части Статьи об "Обрыве"
210 Выходные данные 1_
a Место издания М.
c Издательство Худож. лит.
d Дата издания 1980
215 Физическое описание __
a Объем 517 с.
606 Тематические рубрики __
a Основная рубрика Художественная литература
z Хронологическая подрубрика 19 в.
y Географическая подрубрика Россия
606 Тематические рубрики __
a Основная рубрика Русская литература XIX в. (произведения)
610 Ключевые слова 0_
a Ключевые слова статьи; прозаики; писатели
686 Индексы других классификаций __
a Классификационный индекс 84(2=411.2)52-4
700 Автор _1
a Фамилия Гончаров
b Имя И. А.
4 Код отношения 070
801 Источник записи _0
a Страна RU
b Организация Муниципальное бюджетное учреждение культуры "Централизованная библиотечная система" г. Сургут (Центральная городская библиотека им. А. С. Пушкина)
g Правила каталогизации КиК/Михайлова
801 Источник записи _1
a Страна RU
b Организация Муниципальное бюджетное учреждение культуры "Централизованная библиотечная система" г. Сургут (Центральная городская библиотека им. А. С. Пушкина)
g Правила каталогизации КиК/Михайлова
852 Данные о местонахождении __
j Шифр хранения 84(2=411.2)52-4
i Авторский знак Г 65
p Инвентарный номер 2901
901 Тип документа __
t Тип документа x
969 Тип издания __
a Тип издания сборник
990 Данные о заказе (DOS) __
j Количество экземпляров (DOS) 2
t N записи в КСУ для И/У (DOS) 199101